[Event "Deutsche Blitz-Einzelmeisterschaft der Frauen 2021"]
[Site "Magdeburg"]
[Date "2021.08.01"]
[Round "1"]
[Board "1"]
[White "Noll, Sonja"]
[Black "Wulf, Constanze"]
[Result "1/2-1/2"]
[WhiteElo "1707"]
[BlackElo "1817"]
[PlyCount "0"]
[EventDate "2021.08.01"]
[EventRounds "21"]
[EventCountry "GER"]

1. e4 {[%clk 0:03:03]} d5 {[%clk 0:02:57]} 2. exd5 {[%clk 0:03:03]} Qxd5 {[%clk
0:02:58]} 3. Nc3 {[%clk 0:03:02]} Qd6 {[%clk 0:02:59]} 4. h3 {[%clk 0:03:00]} Nf6
{[%clk 0:02:59]} 5. Nf3 {[%clk 0:03:00]} a6 {[%clk 0:03:00]} 6. Bc4 {[%clk
0:02:55]} b5 {[%clk 0:03:01]} 7. Bb3 {[%clk 0:02:55]} Bb7 {[%clk 0:03:01]} 8. O-O
{[%clk 0:02:49]} e6 {[%clk 0:03:01]} 9. d3 {[%clk 0:02:42]} Be7 {[%clk 0:03:02]}
10. Be3 {[%clk 0:02:37]} O-O {[%clk 0:02:59]} 11. Qd2 {[%clk 0:02:35]} Nbd7
{[%clk 0:02:53]} 12. Rad1 {[%clk 0:02:25]} c5 {[%clk 0:02:54]} 13. a4 {[%clk
0:02:21]} Qb6 {[%clk 0:02:33]} 14. Qe2 {[%clk 0:02:12]} Rac8 {[%clk 0:02:31]} 15.
axb5 {[%clk 0:02:06]} axb5 {[%clk 0:02:32]} 16. Rd2 {[%clk 0:01:48]} Rfd8 {[%clk
0:02:30]} 17. Rfd1 {[%clk 0:01:47]} Qa6 {[%clk 0:02:07]} 18. Bg5 {[%clk 0:01:44]}
h6 {[%clk 0:01:49]} 19. Bxf6 {[%clk 0:01:45]} Bxf6 {[%clk 0:01:32]} 20. Rb1
{[%clk 0:01:12]} Bxc3 {[%clk 0:01:20]} 21. bxc3 {[%clk 0:01:13]} c4 {[%clk
0:01:19]} 22. dxc4 {[%clk 0:01:13]} bxc4 {[%clk 0:01:20]} 23. Bxc4 {[%clk
0:01:07]} Bxf3 {[%clk 0:00:50]} 24. Bxa6 {[%clk 0:01:05]} Bxe2 {[%clk 0:00:42]}
25. Rxe2 {[%clk 0:01:04]} Rb8 {[%clk 0:00:39]} 26. Rd1 {[%clk 0:00:56]} Nf6
{[%clk 0:00:36]} 27. Red2 {[%clk 0:01:03]} Rxd2 {[%clk 0:00:32]} 28. Rxd2 {[%clk
0:01:04]} Kf8 {[%clk 0:00:26]} 29. c4 {[%clk 0:01:05]} Ke7 {[%clk 0:00:24]} 30.
Bb5 {[%clk 0:01:06]} Ne4 {[%clk 0:00:22]} 31. Rd7+ {[%clk 0:01:07]} Kf6 {[%clk
0:00:23]} 32. f3 {[%clk 0:01:04]} Nc3 {[%clk 0:00:19]} 33. Kf2 {[%clk 0:01:02]}
Nxb5 {[%clk 0:00:16]} 34. cxb5 {[%clk 0:01:03]} Rxb5 {[%clk 0:00:18]} 35. c4
{[%clk 0:00:59]} Ke5  1/2-1/2

[Event "Deutsche Blitz-Einzelmeisterschaft der Frauen 2021"]
[Site "Magdeburg"]
[Date "2021.08.01"]
[Round "1"]
[Board "2"]
[White "Kosovska, Olena"]
[Black "Ries, Jutta"]
[Result "0-1"]
[WhiteElo "1965"]
[BlackElo "2094"]
[PlyCount "0"]
[EventDate "2021.08.01"]
[EventRounds "21"]
[EventCountry "GER"]

1. e4 {[%clk 0:03:02]} Nf6 {[%clk 0:03:03]} 2. e5 {[%clk 0:02:53]} Nd5 {[%clk
0:03:04]} 3. c4 {[%clk 0:03:03]} Nb6 {[%clk 0:03:05]} 4. Nf3 {[%clk 0:03:03]} d6
{[%clk 0:03:06]} 5. exd6 {[%clk 0:03:01]} cxd6 {[%clk 0:03:06]} 6. Be2 {[%clk
0:03:00]} Nc6 {[%clk 0:03:07]} 7. O-O {[%clk 0:03:00]} g6 {[%clk 0:03:08]} 8. d4
{[%clk 0:02:48]} Bg7 {[%clk 0:03:09]} 9. c5 {[%clk 0:02:41]} dxc5 {[%clk
0:03:00]} 10. dxc5 {[%clk 0:02:42]} Nd7 {[%clk 0:02:53]} 11. Qc2 {[%clk 0:02:08]}
O-O {[%clk 0:02:49]} 12. Nc3 {[%clk 0:02:05]} Nxc5 {[%clk 0:02:44]} 13. Be3
{[%clk 0:01:50]} Ne6 {[%clk 0:02:40]} 14. Rfd1 {[%clk 0:01:48]} Qa5 {[%clk
0:02:39]} 15. Rd5 {[%clk 0:01:38]} Qb4 {[%clk 0:02:23]} 16. a3 {[%clk 0:01:28]}
Qg4 {[%clk 0:02:11]} 17. h3 {[%clk 0:01:26]} Nb4 {[%clk 0:01:36]} 18. axb4 {[%clk
0:01:09]} Qxb4 {[%clk 0:01:28]} 19. Rad1 {[%clk 0:01:02]} Nf4 {[%clk 0:01:24]}
20. Bxf4 {[%clk 0:00:57]} Qxf4 {[%clk 0:01:25]} 21. Qd2 {[%clk 0:00:42]} Qxd2
{[%clk 0:01:16]} 22. R1xd2 {[%clk 0:00:43]} Be6 {[%clk 0:01:16]} 23. Rb5 {[%clk
0:00:38]} b6 {[%clk 0:01:13]} 24. Ng5 {[%clk 0:00:35]} Bf5 {[%clk 0:01:07]} 25.
Bf3 {[%clk 0:00:31]} Rac8 {[%clk 0:01:07]} 26. Nge4 {[%clk 0:00:29]} Bh6 {[%clk
0:01:02]} 27. Rd1 {[%clk 0:00:25]} Rc4 {[%clk 0:00:57]} 28. Ng3 {[%clk 0:00:25]}
Bc2 {[%clk 0:00:54]} 29. Re1 {[%clk 0:00:24]} Ba4 {[%clk 0:00:51]} 30. Rbe5
{[%clk 0:00:15]} e6 {[%clk 0:00:51]} 31. Be2 {[%clk 0:00:21]} Rc7 {[%clk
0:00:50]} 32. Bf3 {[%clk 0:00:20]} Bc6 {[%clk 0:00:50]} 33. Bxc6 {[%clk 0:00:17]}
Rxc6 {[%clk 0:00:51]} 34. Nce4 {[%clk 0:00:18]} Bg7 {[%clk 0:00:50]} 35. Rg5
{[%clk 0:00:15]} h6 {[%clk 0:00:51]} 36. Rg4 {[%clk 0:00:14]} f5 {[%clk 0:00:52]}
37. Rxg6 {[%clk 0:00:14]} fxe4 {[%clk 0:00:53]} 38. Nxe4 {[%clk 0:00:14]} Kh7
{[%clk 0:00:54]} 39. Rg3 {[%clk 0:00:14]} Rf4 {[%clk 0:00:51]} 40. Nd2 {[%clk
0:00:11]} Bxb2 {[%clk 0:00:50]} 41. Nf3 {[%clk 0:00:10]} Bf6 {[%clk 0:00:48]} 42.
Rg4 {[%clk 0:00:08]} Rxg4 {[%clk 0:00:49]} 43. hxg4 {[%clk 0:00:10]} a5 {[%clk
0:00:50]} 44. Re2 {[%clk 0:00:09]} a4 {[%clk 0:00:49]} 45. Ra2 {[%clk 0:00:10]}
b5 {[%clk 0:00:50]} 46. Nd2 {[%clk 0:00:10]} Bc3 {[%clk 0:00:49]} 47. Ne4 {[%clk
0:00:11]} Bd4 {[%clk 0:00:46]} 48. Kf1 {[%clk 0:00:11]} Rc4 {[%clk 0:00:43]} 49.
Nd2 {[%clk 0:00:10]} Rc1+ {[%clk 0:00:41]} 50. Ke2 {[%clk 0:00:11]} Rc7 {[%clk
0:00:34]} 51. f4 {[%clk 0:00:12]} Ra7 {[%clk 0:00:34]} 52. Nf3 {[%clk 0:00:12]}
Bf6 {[%clk 0:00:34]} 53. g5 {[%clk 0:00:13]} hxg5 {[%clk 0:00:35]} 54. fxg5
{[%clk 0:00:14]} Be7 {[%clk 0:00:34]} 55. Kd3 {[%clk 0:00:14]} b4 {[%clk
0:00:34]} 56. Kc4 {[%clk 0:00:15]} b3 {[%clk 0:00:35]} 57. Rb2 {[%clk 0:00:13]}
a3 {[%clk 0:00:34]} 58. Rxb3 {[%clk 0:00:10]} a2 {[%clk 0:00:35]} 59. g6+ {[%clk
0:00:09]} Kg7 {[%clk 0:00:35]} 60. Ne5 {[%clk 0:00:07]} a1=Q {[%clk 0:00:32]}  0-1

[Event "Deutsche Blitz-Einzelmeisterschaft der Frauen 2021"]
[Site "Magdeburg"]
[Date "2021.08.01"]
[Round "1"]
[Board "3"]
[White "Braun, Kristin"]
[Black "Brunner, Sophia"]
[Result "0-1"]
[WhiteElo "1846"]
[BlackElo "1741"]
[PlyCount "0"]
[EventDate "2021.08.01"]
[EventRounds "21"]
[EventCountry "GER"]

1. e4 {[%clk 0:03:03]} e6 {[%clk 0:03:02]} 2. d4 {[%clk 0:03:04]} d5 {[%clk
0:03:03]} 3. exd5 {[%clk 0:03:06]} exd5 {[%clk 0:03:04]} 4. Nf3 {[%clk 0:03:07]}
Bd6 {[%clk 0:03:05]} 5. c4 {[%clk 0:03:09]} c6 {[%clk 0:02:57]} 6. Be2 {[%clk
0:03:09]} Ne7 {[%clk 0:02:48]} 7. O-O {[%clk 0:03:10]} O-O {[%clk 0:02:56]} 8.
Nc3 {[%clk 0:03:12]} Bg4 {[%clk 0:02:46]} 9. h3 {[%clk 0:03:01]} Bxf3 {[%clk
0:02:19]} 10. Bxf3 {[%clk 0:03:02]} dxc4 {[%clk 0:02:20]} 11. Bg5 {[%clk
0:02:36]} f6 {[%clk 0:02:17]} 12. Be3 {[%clk 0:02:33]} Nd7 {[%clk 0:02:04]} 13.
d5 {[%clk 0:02:25]} c5 {[%clk 0:02:00]} 14. Ne4 {[%clk 0:02:18]} Qc7 {[%clk
0:01:19]} 15. Rc1 {[%clk 0:02:10]} Ne5 {[%clk 0:01:17]} 16. Be2 {[%clk 0:02:00]}
b5 {[%clk 0:01:09]} 17. f4 {[%clk 0:01:40]} Nd7 {[%clk 0:01:04]} 18. Bf3 {[%clk
0:01:14]} Nb6 {[%clk 0:01:01]} 19. Nc3 {[%clk 0:01:06]} a6 {[%clk 0:01:00]} 20.
Bg4 {[%clk 0:01:03]} f5 {[%clk 0:00:52]} 21. Be2 {[%clk 0:01:04]} Ng6 {[%clk
0:00:50]} 22. g3 {[%clk 0:01:03]} Qe7 {[%clk 0:00:37]} 23. Bf2 {[%clk 0:01:00]}
Rad8 {[%clk 0:00:22]} 24. Bf3 {[%clk 0:01:01]} Qc7 {[%clk 0:00:18]} 25. Re1
{[%clk 0:00:51]} Rde8 {[%clk 0:00:18]} 26. Qd2 {[%clk 0:00:52]} Qd7 {[%clk
0:00:15]} 27. Rxe8 {[%clk 0:00:45]} Rxe8 {[%clk 0:00:15]} 28. Re1 {[%clk
0:00:45]} Rxe1+ {[%clk 0:00:14]} 29. Qxe1 {[%clk 0:00:45]} Qe7 {[%clk 0:00:14]}
30. Qxe7 {[%clk 0:00:49]} Nxe7 {[%clk 0:00:17]} 31. Nd1 {[%clk 0:00:48]} Nexd5
{[%clk 0:00:15]} 32. Ne3 {[%clk 0:00:47]} Nxe3 {[%clk 0:00:15]} 33. Bxe3 {[%clk
0:00:49]} Kf7 {[%clk 0:00:11]} 34. b4 {[%clk 0:00:50]} cxb4 {[%clk 0:00:11]} 35.
Bxb6 {[%clk 0:00:52]} c3 {[%clk 0:00:13]} 36. Bd5+ {[%clk 0:00:49]} Ke7 {[%clk
0:00:13]} 37. Bb3 {[%clk 0:00:51]} Kd7 {[%clk 0:00:14]} 38. Kf2 {[%clk 0:00:52]}
Kc6 {[%clk 0:00:15]} 39. Bd4 {[%clk 0:00:53]} a5 {[%clk 0:00:16]} 40. Bxg7 {[%clk
0:00:54]} a4 {[%clk 0:00:17]} 41. Bc2 {[%clk 0:00:55]} Bc5+ {[%clk 0:00:16]} 42.
Ke2 {[%clk 0:00:56]} Kd5 {[%clk 0:00:18]} 43. Bxf5 {[%clk 0:00:56]} b3 {[%clk
0:00:19]} 44. axb3 {[%clk 0:00:56]} a3 {[%clk 0:00:00]} 45. Bxc3 {[%clk 0:00:57]}
Bd4 {[%clk 0:00:07]} 46. Bxd4 {[%clk 0:00:57]} Kxd4 {[%clk 0:00:09]} 47. Bb1
{[%clk 0:00:58]} Kc3 {[%clk 0:00:09]} 48. f5 {[%clk 0:00:51]} Kb2 {[%clk
0:00:11]} 49. f6 {[%clk 0:00:50]} Kxb1 {[%clk 0:00:12]} 50. f7 {[%clk 0:00:51]}
a2 {[%clk 0:00:13]} 51. f8=Q {[%clk 0:00:51]} a1=Q {[%clk 0:00:05]} 52. Qf5+
{[%clk 0:00:52]} Ka2 {[%clk 0:00:11]} 53. Qxb5 {[%clk 0:00:49]} Qb2+ {[%clk
0:00:12]} 54. Kf3 {[%clk 0:00:50]} Qc3+ {[%clk 0:00:12]} 55. Kg4 {[%clk 0:00:50]}
Qd4+ {[%clk 0:00:13]} 56. Kh5 {[%clk 0:00:51]} Qd1+ {[%clk 0:00:11]} 57. g4
{[%clk 0:00:53]} Qf3 {[%clk 0:00:06]} 58. Qa4+ {[%clk 0:00:53]} Kb2 {[%clk
0:00:07]} 59. Qd4+ {[%clk 0:00:47]} Ka2 {[%clk 0:00:08]} 60. Qd2+ {[%clk
0:00:48]} Ka3 {[%clk 0:00:09]} 61. Qa5+ {[%clk 0:00:49]} Kb2 {[%clk 0:00:11]} 62.
Qe5+ {[%clk 0:00:50]} Ka2 {[%clk 0:00:12]} 63. h4 {[%clk 0:00:50]} Qf7+ {[%clk
0:00:13]} 64. Kh6 {[%clk 0:00:51]} Qg6# {[%clk 0:00:13]}  0-1

[Event "Deutsche Blitz-Einzelmeisterschaft der Frauen 2021"]
[Site "Magdeburg"]
[Date "2021.08.01"]
[Round "1"]
[Board "4"]
[White "Schlueter, Sabrina"]
[Black "Moenster, Madita"]
[Result "0-1"]
[WhiteElo "1790"]
[BlackElo "1889"]
[PlyCount "0"]
[EventDate "2021.08.01"]
[EventRounds "21"]
[EventCountry "GER"]

1. c4 {[%clk 0:03:02]} Nf6 {[%clk 0:03:03]} 2. Nc3 {[%clk 0:03:03]} e5 {[%clk
0:03:03]} 3. g3 {[%clk 0:03:03]} Bb4 {[%clk 0:03:04]} 4. Bg2 {[%clk 0:03:04]} O-O
{[%clk 0:03:02]} 5. e3 {[%clk 0:03:03]} Nc6 {[%clk 0:03:00]} 6. Nge2 {[%clk
0:03:04]} Be7 {[%clk 0:02:52]} 7. O-O {[%clk 0:03:04]} d6 {[%clk 0:02:53]} 8. a3
{[%clk 0:03:05]} Bf5 {[%clk 0:02:52]} 9. d4 {[%clk 0:03:03]} exd4 {[%clk
0:02:47]} 10. exd4 {[%clk 0:03:01]} Re8 {[%clk 0:02:44]} 11. b4 {[%clk 0:02:49]}
Rb8 {[%clk 0:02:34]} 12. Bb2 {[%clk 0:02:40]} Bf8 {[%clk 0:02:28]} 13. h3 {[%clk
0:02:38]} Qd7 {[%clk 0:02:27]} 14. Kh2 {[%clk 0:02:39]} a5 {[%clk 0:02:22]} 15.
b5 {[%clk 0:02:31]} Nd8 {[%clk 0:02:21]} 16. a4 {[%clk 0:02:26]} Ne6 {[%clk
0:02:12]} 17. f4 {[%clk 0:02:10]} c6 {[%clk 0:02:16]} 18. d5 {[%clk 0:01:54]}
cxd5 {[%clk 0:02:14]} 19. cxd5 {[%clk 0:01:27]} Nc5 {[%clk 0:02:13]} 20. Nd4
{[%clk 0:01:16]} Bd3 {[%clk 0:02:00]} 21. Re1 {[%clk 0:01:06]} Bc4 {[%clk
0:01:57]} 22. Qd2 {[%clk 0:01:01]} Nb3 {[%clk 0:01:30]} 23. Qf2 {[%clk 0:00:50]}
Nxa1 {[%clk 0:01:28]} 24. Bxa1 {[%clk 0:00:49]} Rbc8 {[%clk 0:01:27]} 25. Rxe8
{[%clk 0:00:46]} Rxe8 {[%clk 0:01:28]} 26. Bb2 {[%clk 0:00:38]} Qe7 {[%clk
0:01:28]} 27. Nf5 {[%clk 0:00:32]} Qe1 {[%clk 0:01:27]} 28. Qxe1 {[%clk 0:00:24]}
Rxe1 {[%clk 0:01:28]} 29. Ba3 {[%clk 0:00:23]} Bd3 {[%clk 0:01:12]} 30. Nd4
{[%clk 0:00:17]} Ne4 {[%clk 0:01:08]} 31. Nxe4 {[%clk 0:00:15]} Bxe4 {[%clk
0:01:09]} 32. Bxe4 {[%clk 0:00:11]} Rxe4 {[%clk 0:01:10]} 33. Nf5 {[%clk
0:00:10]} Rxa4 {[%clk 0:01:09]} 34. Bxd6 {[%clk 0:00:11]} Ra2+ {[%clk 0:01:02]}
35. Kg1 {[%clk 0:00:11]} Rd2 {[%clk 0:01:02]} 36. Bc7 {[%clk 0:00:05]} Rxd5
{[%clk 0:01:01]} 37. Ne3 {[%clk 0:00:06]} Rxb5 {[%clk 0:01:02]}  0-1

[Event "Deutsche Blitz-Einzelmeisterschaft der Frauen 2021"]
[Site "Magdeburg"]
[Date "2021.08.01"]
[Round "1"]
[Board "5"]
[White "Paehtz, Elisabeth"]
[Black "Michna, Marta"]
[Result "1-0"]
[WhiteElo "2410"]
[BlackElo "2416"]
[PlyCount "0"]
[EventDate "2021.08.01"]
[EventRounds "21"]
[EventCountry "GER"]

1. d4 {[%clk 0:03:03]} Nf6 {[%clk 0:03:03]} 2. Nc3 {[%clk 0:03:03]} d5 {[%clk
0:02:52]} 3. Bf4 {[%clk 0:03:03]} c6 {[%clk 0:02:42]} 4. Qd2 {[%clk 0:03:02]} Bf5
{[%clk 0:02:30]} 5. f3 {[%clk 0:02:59]} h5 {[%clk 0:02:27]} 6. e3 {[%clk
0:02:58]} e6 {[%clk 0:02:25]} 7. Nge2 {[%clk 0:02:51]} Bd6 {[%clk 0:02:22]} 8. h4
{[%clk 0:02:44]} Qc7 {[%clk 0:02:09]} 9. O-O-O {[%clk 0:02:38]} Nbd7 {[%clk
0:02:10]} 10. Bxd6 {[%clk 0:02:32]} Qxd6 {[%clk 0:02:10]} 11. Nf4 {[%clk
0:02:31]} e5 {[%clk 0:01:50]} 12. dxe5 {[%clk 0:02:23]} Qxe5 {[%clk 0:01:43]} 13.
Qd4 {[%clk 0:02:29]} Qxd4 {[%clk 0:01:34]} 14. exd4 {[%clk 0:02:30]} O-O-O {[%clk
0:01:25]} 15. Bd3 {[%clk 0:02:30]} Bxd3 {[%clk 0:01:25]} 16. Nxd3 {[%clk
0:02:21]} Rde8 {[%clk 0:01:19]} 17. Kd2 {[%clk 0:02:21]} Kc7 {[%clk 0:01:20]} 18.
Rde1 {[%clk 0:02:21]} Kd6 {[%clk 0:01:20]} 19. Nf4 {[%clk 0:02:29]} g6 {[%clk
0:01:12]} 20. Nh3 {[%clk 0:02:29]} Nh7 {[%clk 0:01:13]} 21. Nd1 {[%clk 0:02:27]}
Nb6 {[%clk 0:00:53]} 22. b3 {[%clk 0:02:27]} Nd7 {[%clk 0:00:54]} 23. Ndf2 {[%clk
0:02:26]} c5 {[%clk 0:00:56]} 24. dxc5+ {[%clk 0:02:23]} Nxc5 {[%clk 0:00:57]}
25. Nf4 {[%clk 0:02:20]} Nf6 {[%clk 0:00:53]} 26. N2d3 {[%clk 0:02:18]} Nxd3
{[%clk 0:00:51]} 27. Kxd3 {[%clk 0:02:12]} Rxe1 {[%clk 0:00:42]} 28. Rxe1 {[%clk
0:02:13]} Re8 {[%clk 0:00:52]} 29. Rxe8 {[%clk 0:02:08]} Nxe8 {[%clk 0:00:54]}
30. Kd4 {[%clk 0:02:07]} Ng7 {[%clk 0:00:42]} 31. Nxd5 {[%clk 0:01:34]} Nf5+
{[%clk 0:00:43]} 32. Ke4 {[%clk 0:01:31]} Nxh4 {[%clk 0:00:43]} 33. Ne3 {[%clk
0:01:32]} Ke6 {[%clk 0:00:39]} 34. g3 {[%clk 0:01:26]} Nf5 {[%clk 0:00:30]} 35.
Nxf5 {[%clk 0:01:26]} gxf5+ {[%clk 0:00:31]} 36. Kf4 {[%clk 0:01:26]} Kf6 {[%clk
0:00:21]} 37. c4 {[%clk 0:01:24]}  1-0

[Event "Deutsche Blitz-Einzelmeisterschaft der Frauen 2021"]
[Site "Magdeburg"]
[Date "2021.08.01"]
[Round "1"]
[Board "6"]
[White "Hofmann, Karina"]
[Black "Zimmer, Elke"]
[Result "1-0"]
[WhiteElo "1734"]
[BlackElo "1872"]
[PlyCount "0"]
[EventDate "2021.08.01"]
[EventRounds "21"]
[EventCountry "GER"]

1. f4 {[%clk 0:03:03]} d5 {[%clk 0:03:03]} 2. Nf3 {[%clk 0:03:03]} Nc6 {[%clk
0:03:04]} 3. e3 {[%clk 0:03:04]} g6 {[%clk 0:02:55]} 4. Bb5 {[%clk 0:03:05]} Bd7
{[%clk 0:03:05]} 5. Nc3 {[%clk 0:03:05]} a6 {[%clk 0:03:03]} 6. Bxc6 {[%clk
0:03:05]} bxc6 {[%clk 0:03:04]} 7. b3 {[%clk 0:03:06]} Bg7 {[%clk 0:03:04]} 8.
Bb2 {[%clk 0:03:08]} Nf6 {[%clk 0:03:03]} 9. Qe2 {[%clk 0:02:59]} O-O {[%clk
0:02:58]} 10. a4 {[%clk 0:02:59]} c5 {[%clk 0:02:55]} 11. Ne5 {[%clk 0:02:59]} c6
{[%clk 0:02:48]} 12. Qf3 {[%clk 0:03:07]} Qc7 {[%clk 0:02:43]} 13. g4 {[%clk
0:03:06]} d4 {[%clk 0:02:39]} 14. Nxd7 {[%clk 0:03:01]} Qxd7 {[%clk 0:02:39]} 15.
g5 {[%clk 0:02:56]} Nh5 {[%clk 0:02:40]} 16. Ne2 {[%clk 0:02:56]} dxe3 {[%clk
0:02:28]} 17. O-O-O {[%clk 0:02:48]} Bxb2+ {[%clk 0:02:24]} 18. Kxb2 {[%clk
0:02:49]} exd2 {[%clk 0:02:19]} 19. Qc3 {[%clk 0:02:42]} Rfd8 {[%clk 0:02:08]}
20. Rhf1 {[%clk 0:02:34]} Qd5 {[%clk 0:01:41]} 21. Rf3 {[%clk 0:02:22]} Rab8
{[%clk 0:01:43]} 22. Rd3 {[%clk 0:02:22]} Qf5 {[%clk 0:01:40]} 23. R1xd2 {[%clk
0:02:20]} Rxd3 {[%clk 0:01:37]} 24. Rxd3 {[%clk 0:02:18]} Nxf4 {[%clk 0:01:33]}
25. Nxf4 {[%clk 0:02:18]} Qxf4 {[%clk 0:01:33]} 26. Qxc5 {[%clk 0:02:18]} e6
{[%clk 0:01:25]} 27. h3 {[%clk 0:02:12]} Qf5 {[%clk 0:01:17]} 28. Qa7 {[%clk
0:02:06]} Qe5+ {[%clk 0:01:08]} 29. Rc3 {[%clk 0:01:56]} Rd8 {[%clk 0:01:06]} 30.
Qxa6 {[%clk 0:01:51]} Qxg5 {[%clk 0:01:05]} 31. Qxc6 {[%clk 0:01:51]} Qe5 {[%clk
0:01:05]} 32. Ka3 {[%clk 0:01:47]} Qd6+ {[%clk 0:01:03]} 33. Qxd6 {[%clk
0:01:47]} Rxd6 {[%clk 0:01:05]} 34. a5 {[%clk 0:01:45]} e5 {[%clk 0:01:06]} 35.
Ka4 {[%clk 0:01:46]} f5 {[%clk 0:01:07]} 36. b4 {[%clk 0:01:47]} e4 {[%clk
0:01:08]} 37. b5 {[%clk 0:01:25]} Rd4+ {[%clk 0:01:09]} 38. Kb3 {[%clk 0:01:23]}
Rd5 {[%clk 0:01:10]} 39. Kc4 {[%clk 0:01:21]} Rd1 {[%clk 0:01:06]} 40. b6 {[%clk
0:01:22]} Ra1 {[%clk 0:01:05]} 41. b7 {[%clk 0:01:21]} Rb1 {[%clk 0:01:06]} 42.
Rb3 {[%clk 0:01:22]} Rxb3 {[%clk 0:01:06]} 43. cxb3 {[%clk 0:01:23]} f4 {[%clk
0:01:07]} 44. b8=Q+ {[%clk 0:01:20]} Kf7 {[%clk 0:01:07]} 45. Qxf4+ {[%clk
0:01:19]} Kg7 {[%clk 0:01:09]} 46. Qxe4 {[%clk 0:01:11]}  1-0

[Event "Deutsche Blitz-Einzelmeisterschaft der Frauen 2021"]
[Site "Magdeburg"]
[Date "2021.08.01"]
[Round "1"]
[Board "7"]
[White "Voicu-Jagodzinsky, Carmen"]
[Black "Schneider, Birgit"]
[Result "1-0"]
[WhiteElo "2194"]
[BlackElo "1993"]
[PlyCount "0"]
[EventDate "2021.08.01"]
[EventRounds "21"]
[EventCountry "GER"]

1. e4 {[%clk 0:03:02]} c5 {[%clk 0:03:01]} 2. Nc3 {[%clk 0:03:03]} Nc6 {[%clk
0:02:52]} 3. f4 {[%clk 0:03:03]} g6 {[%clk 0:02:56]} 4. Nf3 {[%clk 0:03:06]} Bg7
{[%clk 0:02:54]} 5. Bb5 {[%clk 0:03:07]} Nd4 {[%clk 0:02:40]} 6. O-O {[%clk
0:02:59]} Nxb5 {[%clk 0:02:27]} 7. Nxb5 {[%clk 0:03:08]} a6 {[%clk 0:02:22]} 8.
Nc3 {[%clk 0:02:59]} e6 {[%clk 0:02:21]} 9. a4 {[%clk 0:02:56]} Ne7 {[%clk
0:02:11]} 10. e5 {[%clk 0:02:56]} d5 {[%clk 0:01:51]} 11. d4 {[%clk 0:02:44]}
cxd4 {[%clk 0:01:42]} 12. Nxd4 {[%clk 0:02:45]} O-O {[%clk 0:01:12]} 13. Kh1
{[%clk 0:02:40]} Nc6 {[%clk 0:01:04]} 14. a5 {[%clk 0:02:26]} Nxa5 {[%clk
0:00:57]} 15. b3 {[%clk 0:02:22]} Nc6 {[%clk 0:00:54]} 16. Ba3 {[%clk 0:02:23]}
Re8 {[%clk 0:00:54]} 17. Nxc6 {[%clk 0:02:18]} bxc6 {[%clk 0:00:54]} 18. Na4
{[%clk 0:02:18]} a5 {[%clk 0:00:47]} 19. Nc5 {[%clk 0:02:15]} Ba6 {[%clk
0:00:47]} 20. Re1 {[%clk 0:02:16]} Bf8 {[%clk 0:00:44]} 21. Qd4 {[%clk 0:02:16]}
Qc7 {[%clk 0:00:42]} 22. h4 {[%clk 0:02:11]} h5 {[%clk 0:00:42]} 23. Kh2 {[%clk
0:02:08]} Kh7 {[%clk 0:00:43]} 24. Rg1 {[%clk 0:02:07]} Bh6 {[%clk 0:00:43]} 25.
Rae1 {[%clk 0:02:01]} Qd8 {[%clk 0:00:44]} 26. g3 {[%clk 0:02:02]} Bb5 {[%clk
0:00:41]} 27. Kh3 {[%clk 0:01:56]} a4 {[%clk 0:00:42]} 28. b4 {[%clk 0:01:56]}
Bc4 {[%clk 0:00:40]} 29. Rg2 {[%clk 0:01:42]} Bg7 {[%clk 0:00:40]} 30. g4 {[%clk
0:01:40]} hxg4+ {[%clk 0:00:31]} 31. Rxg4 {[%clk 0:01:40]} Rg8 {[%clk 0:00:33]}
32. Reg1 {[%clk 0:01:39]} Qe8 {[%clk 0:00:27]} 33. R1g3 {[%clk 0:01:24]} Rc8
{[%clk 0:00:28]} 34. Qg1 {[%clk 0:01:13]} Rc7 {[%clk 0:00:27]} 35. h5 {[%clk
0:01:13]} Bh6 {[%clk 0:00:23]} 36. Bc1 {[%clk 0:01:20]} Qe7 {[%clk 0:00:18]} 37.
hxg6+ {[%clk 0:01:17]} fxg6 {[%clk 0:00:19]} 38. Rxg6 {[%clk 0:01:18]} Rxg6
{[%clk 0:00:11]} 39. Rxg6 {[%clk 0:01:19]} Qf7 {[%clk 0:00:16]} 40. Nxe6 {[%clk
0:01:10]} Qf5+ {[%clk 0:00:17]} 41. Qg4 {[%clk 0:01:05]} Bf1+ {[%clk 0:00:17]}
42. Kg3 {[%clk 0:01:01]} Qxc2 {[%clk 0:00:14]} 43. Rxh6+ {[%clk 0:00:48]} Kxh6
{[%clk 0:00:16]} 44. f5+ {[%clk 0:00:37]}  1-0